Statistics for Can You Name The US States And State Capitals That Have Two Words In Their Name

Click here to take the quiz!

General Stats

  • This quiz has been taken 128 times
  • The average score is 15 of 18

Answer Stats

HintAnswer% Correct
StateNorth Dakota
98%
StateSouth Dakota
98%
StateNew Hampshire
97%
StateNew Jersey
97%
StateNew York
97%
StateNorth Carolina
97%
StateSouth Carolina
97%
StateWest Virginia
93%
StateNew Mexico
92%
CapitalBaton Rouge
80%
StateRhode Island
80%
CapitalOklahoma City
78%
CapitalDes Moines
72%
CapitalLittle Rock
69%
CapitalSanta Fe
67%
CapitalCarson City
63%
CapitalSt Paul
60%
CapitalJefferson City
36%

Score Distribution

Percentile by Number Answered

Percent of People with Each Score

Your Score History

You have not taken this quiz